Problém mesta

Bibliographic Details
Main Author: Ollé, Marian (Author)
Format: Article
Language:Slovak
PhysicalDescription:Obr.
Subjects:

MARC

LEADER 00000nab a2200000 a 4500
001 vtls000037574
003 SK-MaSNL
005 20260303122344.0
008 111103c1979 xo 0 slo
015 |a SNBRB19rr/mm-uuuuu 
035 |a CL0047669 
040 |a SNKBUCL  |b slo  |c SNKBUCL  |e AACR2 
041 0 |a slo 
044 |a xo  |c SK 
080 |a 719  |2 1981 
080 |a 904(437.6)  |2 1981 
100 1 |a Ollé, Marian  |4 aut  |9 943932 
245 1 0 |a Problém mesta  |c Marian Ollé 
300 |b Obr. 
650 0 7 |a pamiatky kultúrne  |z Banská Štiavnica (Slovensko)  |2 snkbucl  |9 1136879 
651 7 |a 5312  |2 snkbucl  |9 283241 
651 7 |a Banská Štiavnica (Slovensko)  |2 snkbucl  |9 16373 
655 7 |a články z novín a časopisov  |2 snkbucl  |9 267496 
773 0 |t Národné výbory  |g Č. 19 (1979), s. 16-17 
850 |a Slovenská národná knižnica v Martine  |a MTA001 
852 |a SNK  |b KIS3GCP 
958 |a RK 
992 |a RBX 
999 |c 1920539  |d 1922469